[Event "Wch Juvenil 2013 sub-16 femenino"]
[Site "Al-Ain UAE"]
[Date "2013.12.26"]
[Round "9.3"]
[White "Harutyunyan, Ani"]
[Black "Velikic, Adela"]
[Result "0-1"]
[WhiteElo "1916"]
[BlackElo "2055"]
[PlyCount "64"]
[EventDate "2013.12.19"]
[EventType "swiss"]
[EventRounds "11"]
[EventCountry "UAE"]
[Source "lmi"]
[SourceDate "2013.12.19"]

1. d4 Nf6 2. Nf3 g6 3. Bf4 Bg7 4. e3 O-O 5. Be2 d6 6. h3 c5 7. c3 Nc6 8. O-O b6
9. Nbd2 Bb7 10. Bh2 Rc8 11. Qb1 Qd7 12. Rc1 Rfe8 13. b4 e5 14. dxe5 Nxe5 15.
Nxe5 dxe5 16. Rd1 Qe7 17. e4 Red8 18. f3 Nh5 19. b5 Nf4 20. Bxf4 exf4 21. Qb3
Rc7 22. Nc4 Bc8 23. a4 Be6 24. Rxd8+ Qxd8 25. a5 Bf6 26. axb6 axb6 27. Ra6 Bxc4
28. Bxc4 Qd2 29. Bxf7+ Kg7 30. Bc4 Qe1+ 31. Bf1 Qe3+ 32. Kh1 Bd4 0-1

[Event "Wch Juvenil 2013 sub-16 femenino"]
[Site "Al-Ain UAE"]
[Date "2013.12.26"]
[Round "9.4"]
[White "Wozniak, Mariola"]
[Black "Rodionova, Polina"]
[Result "1-0"]
[WhiteElo "2079"]
[BlackElo "2095"]
[PlyCount "57"]
[EventDate "2013.12.19"]
[EventType "swiss"]
[EventRounds "11"]
[EventCountry "UAE"]
[Source "lmi"]
[SourceDate "2013.12.19"]

1. e4 c5 2. Nf3 Nc6 3. d4 cxd4 4. Nxd4 g6 5. Nc3 Bg7 6. Be3 Nf6 7. Bc4 O-O 8.
Bb3 a5 9. a4 Ng4 10. Nxc6 Nxe3 11. Nxd8 Nxd1 12. Nxd1 Rxd8 13. c3 Rb8 14. Bc4
b6 15. Ne3 Bb7 16. f3 e6 17. Rd1 Bc6 18. Bb5 Bxb5 19. axb5 Rbc8 20. Ke2 Rc5 21.
Rd6 Rxb5 22. Nc4 h5 23. Rhd1 Bf8 24. Rxb6 Rg5 25. g3 h4 26. f4 Rc5 27. Ne5 d5
28. Rb7 Re8 29. Nd7 1-0

[Event "Wch Juvenil 2013 sub-16 femenino"]
[Site "Al-Ain UAE"]
[Date "2013.12.26"]
[Round "9.5"]
[White "Nicolas Zapata, Irene"]
[Black "Choladze, Mariam"]
[Result "1-0"]
[WhiteElo "2237"]
[BlackElo "1900"]
[PlyCount "43"]
[EventDate "2013.12.19"]
[EventType "swiss"]
[EventRounds "11"]
[EventCountry "UAE"]
[Source "lmi"]
[SourceDate "2013.12.19"]

1. Nf3 Nf6 2. c4 e6 3. Nc3 b6 4. g3 Bb7 5. Bg2 c5 6. O-O Be7 7. Re1 O-O 8. e4
d6 9. d4 cxd4 10. Nxd4 Qc8 11. b3 a6 12. Bb2 Nbd7 13. Rc1 Qc7 14. g4 Ne5 15. g5
Nfd7 16. h4 Ng6 17. Qg4 Nc5 18. Qg3 e5 19. Nf5 Nf4 20. Rcd1 g6 21. Nh6+ Kh8 22.
Qxf4 1-0

[Event "Wch Juvenil 2013 sub-16 femenino"]
[Site "Al-Ain UAE"]
[Date "2013.12.26"]
[Round "9.8"]
[White "Beinenson, Katsiaryna"]
[Black "Harazinska, Ewa"]
[Result "0-1"]
[WhiteElo "1961"]
[BlackElo "2050"]
[PlyCount "45"]
[EventDate "2013.12.19"]
[EventType "swiss"]
[EventRounds "11"]
[EventCountry "UAE"]
[Source "lmi"]
[SourceDate "2013.12.19"]

1. e4 c5 2. Nf3 d6 3. c3 Nf6 4. Be2 Bg4 5. d3 Nc6 6. Nbd2 e5 7. Qc2 Be7 8. Nf1
h6 9. h3 Be6 10. Bd2 d5 11. g4 c4 12. Ng3 cxd3 13. Bxd3 dxe4 14. Nxe4 Nd5 15.
Bb5 Qc7 16. Ng3 O-O-O 17. Bxc6 Qxc6 18. Nxe5 Nb4 19. O-O Nxc2 20. Nxc6 bxc6 21.
Rad1 Bxa2 22. Ne4 g6 23. Bf4 0-1

[Event "Wch Juvenil 2013 sub-16 femenino"]
[Site "Al-Ain UAE"]
[Date "2013.12.26"]
[Round "9.9"]
[White "Ivanova, Simoneta"]
[Black "Paredes Bustamante, Paula"]
[Result "0-1"]
[WhiteElo "2049"]
[BlackElo "1994"]
[PlyCount "74"]
[EventDate "2013.12.19"]
[EventType "swiss"]
[EventRounds "11"]
[EventCountry "UAE"]
[Source "lmi"]
[SourceDate "2013.12.19"]

1. d4 Nf6 2. c4 e6 3. Nc3 b6 4. f3 d5 5. cxd5 exd5 6. e3 Be7 7. Bd3 O-O 8. Nge2
c5 9. O-O Bb7 10. Ng3 Re8 11. Re1 Nc6 12. Nf5 Bf8 13. Ne2 g6 14. Nfg3 Bg7 15.
Bd2 Nd7 16. Bb5 a6 17. Bxc6 Bxc6 18. Rc1 Rc8 19. Nf1 Qe7 20. Bc3 Nf6 21. Qb3
Qa7 22. Nf4 c4 23. Qc2 b5 24. Qd2 Qd7 25. Ng3 h5 26. h4 Bh6 27. Qf2 Qd6 28. Qd2
Rxe3 29. Rxe3 Qxf4 30. Re2 Kg7 31. Nf1 Qxh4 32. Qe1 Qf4 33. Rd1 Bd7 34. Qg3
Qxg3 35. Nxg3 Be6 36. Nf1 h4 37. Be1 Bg5 0-1

[Event "Wch Juvenil 2013 sub-16 femenino"]
[Site "Al-Ain UAE"]
[Date "2013.12.26"]
[Round "9.10"]
[White "Aay, Aisyah Anisa"]
[Black "Monnisha, Gk"]
[Result "0-1"]
[WhiteElo "1900"]
[BlackElo "2180"]
[PlyCount "102"]
[EventDate "2013.12.19"]
[EventType "swiss"]
[EventRounds "11"]
[EventCountry "UAE"]
[Source "lmi"]
[SourceDate "2013.12.19"]

1. e4 e5 2. Nf3 Nc6 3. d4 exd4 4. Nxd4 Bc5 5. Nb3 Bb6 6. Qe2 d6 7. Be3 Nf6 8.
Bxb6 axb6 9. Nc3 Be6 10. O-O-O O-O 11. f3 Nd7 12. h4 Nc5 13. Kb1 Nxb3 14. cxb3
f5 15. exf5 Bxf5+ 16. Ne4 Re8 17. Qc2 Rxa2 18. Qc4+ Be6 19. Qc3 Ra5 20. Bd3 Ne5
21. g4 Nxd3 22. Qxd3 Bf7 23. f4 Rd5 24. Qc2 Rxd1+ 25. Rxd1 Qxh4 26. Nf2 Qe7 27.
Rh1 g6 28. Nd3 Qe2 29. Rg1 Qxc2+ 30. Kxc2 Bd5 31. Kc3 Kf7 32. Rg3 c5 33. Rh3
Kg7 34. g5 Re4 35. Rh2 b5 36. Rf2 b4+ 37. Kc2 Rd4 38. Ne1 b5 39. Rf1 Kf7 40.
Rf2 Be4+ 41. Kc1 d5 42. Rh2 Kg7 43. Rh3 c4 44. Re3 Kg8 45. Rg3 Bf5 46. Ng2 Re4
47. Rf3 d4 48. bxc4 bxc4 49. Kd2 c3+ 50. bxc3 bxc3+ 51. Kd1 Bg4 0-1

[Event "Wch Juvenil 2013 sub-16 femenino"]
[Site "Al-Ain UAE"]
[Date "2013.12.26"]
[Round "9.11"]
[White "Heinemann, Josefine"]
[Black "Grgic, Neomi"]
[Result "1-0"]
[WhiteElo "2008"]
[BlackElo "1882"]
[PlyCount "95"]
[EventDate "2013.12.19"]
[EventType "swiss"]
[EventRounds "11"]
[EventCountry "UAE"]
[Source "lmi"]
[SourceDate "2013.12.19"]

1. e4 e5 2. Nf3 Nc6 3. Bb5 a6 4. Ba4 Nf6 5. O-O Be7 6. Re1 b5 7. Bb3 d6 8. c3
O-O 9. h3 Nb8 10. d4 Nbd7 11. Nbd2 Bb7 12. Bc2 Re8 13. Nf1 Bf8 14. Ng3 g6 15.
a4 c5 16. d5 c4 17. Bg5 h6 18. Be3 Qc7 19. Qd2 Kh7 20. Nh2 Nc5 21. Ng4 Nxg4 22.
hxg4 Bg7 23. f3 Rab8 24. Kf2 g5 25. Nf5 f6 26. Rh1 Kg6 27. f4 exf4 28. e5 fxe3+
29. Qxe3 Nd3+ 30. Bxd3 cxd3 31. Nxd6 fxe5 32. Qe4+ Kf6 33. Nxe8+ Rxe8 34. Raf1
Ke7 35. Ke1 Kd8 36. axb5 axb5 37. Qxd3 Qd7 38. Rf2 Qxd5 39. Qxd5+ Bxd5 40. Rd2
Kc7 41. Rxd5 Kc6 42. Rd2 e4 43. Rf1 Be5 44. Rf5 Bg3+ 45. Ke2 Re5 46. Rd4 Re7
47. Rf6+ Kc5 48. b4# 1-0

[Event "Wch Juvenil 2013 sub-16 femenino"]
[Site "Al-Ain UAE"]
[Date "2013.12.26"]
[Round "9.12"]
[White "Shakhmurzova, Fatima"]
[Black "Vidic, Teja"]
[Result "1/2-1/2"]
[WhiteElo "1983"]
[BlackElo "1882"]
[PlyCount "49"]
[EventDate "2013.12.19"]
[EventType "swiss"]
[EventRounds "11"]
[EventCountry "UAE"]
[Source "lmi"]
[SourceDate "2013.12.19"]

1. c4 e5 2. Nc3 Bb4 3. e4 Nf6 4. Nge2 Nc6 5. g3 Bxc3 6. Nxc3 d6 7. h3 Be6 8. d3
Nd4 9. Bg2 Qd7 10. Be3 c5 11. Nd5 Bxd5 12. cxd5 Qb5 13. O-O Qxb2 14. Rb1 Qxa2
15. Bxd4 cxd4 16. Ra1 Qb2 17. Qa4+ b5 18. Qa6 O-O 19. Qxd6 Rfe8 20. Rfb1 Qd2
21. Bf1 Rac8 22. Rd1 Qc2 23. Qa3 Rc3 24. Qxa7 b4 25. Qb6 1/2-1/2

[Event "Wch Juvenil 2013 sub-16 femenino"]
[Site "Al-Ain UAE"]
[Date "2013.12.26"]
[Round "9.13"]
[White "Fiadosenka, Rahneda"]
[Black "Zahn, Alina"]
[Result "1-0"]
[WhiteElo "1845"]
[BlackElo "1983"]
[PlyCount "49"]
[EventDate "2013.12.19"]
[EventType "swiss"]
[EventRounds "11"]
[EventCountry "UAE"]
[Source "lmi"]
[SourceDate "2013.12.19"]

1. Nf3 d5 2. b3 Nf6 3. Bb2 c6 4. e3 Bg4 5. Be2 Nbd7 6. d3 e6 7. Nbd2 Bd6 8. c4
O-O 9. Qc2 Rc8 10. h3 Bh5 11. g4 Bg6 12. h4 Nxg4 13. h5 Bf5 14. e4 Bc5 15. d4
dxe4 16. Nh4 e3 17. Nxf5 exf5 18. fxe3 Bd6 19. Bxg4 Bg3+ 20. Ke2 fxg4 21. Rag1
Bc7 22. Rxg4 f5 23. Rg2 Qe8 24. Nf3 Nf6 25. d5 1-0

[Event "Wch Juvenil 2013 sub-16 femenino"]
[Site "Al-Ain UAE"]
[Date "2013.12.26"]
[Round "9.14"]
[White "Hua, Margaret"]
[Black "Alijanzadeh, Mohadeseh"]
[Result "1/2-1/2"]
[WhiteElo "1922"]
[BlackElo "1846"]
[PlyCount "66"]
[EventDate "2013.12.19"]
[EventType "swiss"]
[EventRounds "11"]
[EventCountry "UAE"]
[Source "lmi"]
[SourceDate "2013.12.19"]

1. e4 c5 2. Nf3 d6 3. d4 cxd4 4. Nxd4 Nf6 5. Nc3 g6 6. Be3 Bg7 7. f3 Nc6 8. Qd2
O-O 9. O-O-O Nxd4 10. Bxd4 Be6 11. Kb1 Qc7 12. g4 Rfc8 13. h4 Qa5 14. b3 Rab8
15. h5 b5 16. hxg6 hxg6 17. Nd5 Qxd2 18. Rxd2 Bxd5 19. exd5 a5 20. Be2 Nd7 21.
f4 Nc5 22. Bf3 b4 23. Bxg7 Kxg7 24. Rdh2 Rh8 25. Kc1 Rxh2 26. Rxh2 Rc8 27. Kd2
Nd7 28. Re2 Kf8 29. g5 Rc5 30. Re3 Nb6 31. Rd3 Ke8 32. c3 Nd7 33. cxb4 axb4
1/2-1/2

[Event "Wch Juvenil 2013 sub-16 femenino"]
[Site "Al-Ain UAE"]
[Date "2013.12.26"]
[Round "9.16"]
[White "Karimi, Yeganeh"]
[Black "Lingur, Zalina"]
[Result "0-1"]
[WhiteElo "1839"]
[BlackElo "2009"]
[PlyCount "60"]
[EventDate "2013.12.19"]
[EventType "swiss"]
[EventRounds "11"]
[EventCountry "UAE"]
[Source "lmi"]
[SourceDate "2013.12.19"]

1. e4 c5 2. Nf3 d6 3. d4 cxd4 4. Nxd4 Nf6 5. Nc3 a6 6. Bc4 e6 7. Bb3 b5 8. Bg5
Be7 9. Qf3 Qb6 10. O-O-O Nbd7 11. Rhe1 O-O 12. Qg3 Nc5 13. Bh6 Ne8 14. h4 Bd7
15. h5 Kh8 16. Bg5 Bxg5+ 17. Qxg5 h6 18. Qe3 a5 19. a3 b4 20. axb4 Qxb4 21. Na2
Qb7 22. e5 a4 23. Bc4 Qc8 24. g4 dxe5 25. Qxe5 Nb3+ 26. Bxb3 axb3 27. Nc3 bxc2
28. Kxc2 f6 29. Qe4 Rf7 30. f4 Qa6 0-1

[Event "Wch Juvenil 2013 sub-16 femenino"]
[Site "Al-Ain UAE"]
[Date "2013.12.26"]
[Round "9.17"]
[White "Malassagne, Isabelle"]
[Black "Parnali, S Dharia"]
[Result "0-1"]
[WhiteElo "2043"]
[BlackElo "1895"]
[PlyCount "70"]
[EventDate "2013.12.19"]
[EventType "swiss"]
[EventRounds "11"]
[EventCountry "UAE"]
[Source "lmi"]
[SourceDate "2013.12.19"]

1. d4 d5 2. c4 e6 3. Nc3 c5 4. cxd5 exd5 5. Nf3 Nc6 6. dxc5 d4 7. Na4 b5 8.
cxb6 axb6 9. e3 Bb4+ 10. Bd2 d3 11. Qb3 Bxd2+ 12. Nxd2 Nge7 13. Bxd3 Rxa4 14.
Qxa4 Qxd3 15. Qc4 Ne5 16. Qxd3 Nxd3+ 17. Kf1 Nxb2 18. Rb1 Ba6+ 19. Kg1 Na4 20.
h3 O-O 21. Rb4 b5 22. Kh2 Nc6 23. Rg4 Bc8 24. Rg5 f5 25. Nf3 Be6 26. Rc1 Rc8
27. Nh4 h6 28. Rg3 Kf7 29. Ng6 Kf6 30. Nf4 Bf7 31. Nd3 Bxa2 32. Nb4 Bc4 33.
Nxc6 Rxc6 34. h4 g6 35. Rd1 b4 0-1

[Event "Wch Juvenil 2013 sub-16 femenino"]
[Site "Al-Ain UAE"]
[Date "2013.12.26"]
[Round "9.18"]
[White "Gomez Camacho, Micaela"]
[Black "Egorova, Ayyyna"]
[Result "0-1"]
[WhiteElo "1898"]
[BlackElo "2006"]
[PlyCount "66"]
[EventDate "2013.12.19"]
[EventType "swiss"]
[EventRounds "11"]
[EventCountry "UAE"]
[Source "lmi"]
[SourceDate "2013.12.19"]

1. e4 Nf6 2. e5 Nd5 3. d4 d6 4. f4 dxe5 5. fxe5 Bf5 6. Bd3 Bxd3 7. Qxd3 Nb4 8.
Qe2 Qxd4 9. Nf3 Qb6 10. Na3 e6 11. Nc4 Qa6 12. O-O Bc5+ 13. Kh1 h6 14. a3 Nd5
15. Bd2 Nb6 16. b3 Nxc4 17. bxc4 Nd7 18. Bb4 Qc6 19. Rad1 a5 20. Bc3 Bxa3 21.
Nd4 Qc5 22. Nb3 Qe7 23. Bxa5 b6 24. Bc3 O-O 25. Rd3 Rad8 26. Nd4 Qc5 27. Nb3
Qxc4 28. Qf3 Qb5 29. Nd4 Qc5 30. Nc6 f6 31. Rxd7 fxe5 32. Rf7 Rxf7 33. Qxf7+
Kh8 0-1

[Event "Wch Juvenil 2013 sub-16 femenino"]
[Site "Al-Ain UAE"]
[Date "2013.12.26"]
[Round "9.19"]
[White "Uzlavataya, Anhelina"]
[Black "Franca, Veronika"]
[Result "0-1"]
[WhiteElo "1892"]
[BlackElo "1965"]
[PlyCount "116"]
[EventDate "2013.12.19"]
[EventType "swiss"]
[EventRounds "11"]
[EventCountry "UAE"]
[Source "lmi"]
[SourceDate "2013.12.19"]

1. Nf3 Nf6 2. g3 e6 3. Bg2 Be7 4. O-O O-O 5. d4 d5 6. c4 dxc4 7. Qc2 a6 8. a4
Nc6 9. Qxc4 Qd5 10. Qxd5 Nxd5 11. Nc3 Rd8 12. Rd1 Ndb4 13. Bf4 Bd6 14. Rac1
Bxf4 15. gxf4 Bd7 16. Ne4 Be8 17. e3 Rac8 18. b3 Na5 19. Ned2 f6 20. Bh3 Kf7
21. f5 Bd7 22. Nc4 Nxc4 23. fxe6+ Bxe6 24. Bxe6+ Kxe6 25. bxc4 a5 26. d5+ Kf7
27. Nd4 Re8 28. d6 Red8 29. c5 cxd6 30. cxd6 Rxc1 31. Rxc1 Rxd6 32. Rc7+ Kg6
33. Rxb7 Ra6 34. Kg2 Nd5 35. e4 Nc3 36. f3 Nxa4 37. Nf5 Nc5 38. Rxg7+ Kh5 39.
Rxh7+ Kg6 40. Rg7+ Kh5 41. h4 a4 42. Rh7+ Kg6 43. Rh6+ Kf7 44. h5 a3 45. Rh7+
Kf8 46. h6 a2 47. Rh8+ Kf7 48. Rf8+ Kg6 49. Rg8+ Kh7 50. Rg7+ Kh8 51. Rc7 a1=Q
52. Rc8+ Kh7 53. Rc7+ Kg8 54. Rc8+ Kf7 55. Rc7+ Ke8 56. h7 Ra2+ 57. Kg3 Qg1+
58. Kf4 Qg5# 0-1

[Event "Wch Juvenil 2013 sub-16 femenino"]
[Site "Al-Ain UAE"]
[Date "2013.12.26"]
[Round "9.20"]
[White "Patel, Yesim"]
[Black "Serefidou, Despina"]
[Result "1/2-1/2"]
[WhiteElo "1860"]
[BlackElo "1958"]
[PlyCount "39"]
[EventDate "2013.12.19"]
[EventType "swiss"]
[EventRounds "11"]
[EventCountry "UAE"]
[Source "lmi"]
[SourceDate "2013.12.19"]

1. e4 e5 2. Nf3 Nc6 3. Bb5 a6 4. Ba4 Nge7 5. O-O g6 6. c3 Bg7 7. d4 exd4 8.
cxd4 b5 9. Bb3 d6 10. h3 O-O 11. Nc3 Na5 12. Bc2 c5 13. Bf4 cxd4 14. Nxd4 Nc4
15. Nde2 Nxb2 16. Qxd6 Ra7 17. Qb4 Nd3 18. Bxd3 Qxd3 19. Bd6 Re8 20. a4 1/2-1/2

[Event "Wch Juvenil 2013 sub-16 femenino"]
[Site "Al-Ain UAE"]
[Date "2013.12.26"]
[Round "9.21"]
[White "Xiang, Ellen"]
[Black "Golubeva, Marija"]
[Result "1-0"]
[WhiteElo "1954"]
[BlackElo "1825"]
[PlyCount "45"]
[EventDate "2013.12.19"]
[EventType "swiss"]
[EventRounds "11"]
[EventCountry "UAE"]
[Source "lmi"]
[SourceDate "2013.12.19"]

1. d4 d5 2. Nf3 Nf6 3. Bf4 c6 4. Nbd2 Bf5 5. c4 e6 6. Qb3 Qb6 7. c5 Qxb3 8.
axb3 Nbd7 9. b4 Be7 10. h3 O-O 11. e3 b6 12. Ba6 Rae8 13. Bb7 bxc5 14. bxc5 e5
15. Nxe5 Nxe5 16. Bxe5 Nd7 17. Bg3 Nb8 18. Rxa7 Bd7 19. O-O f5 20. b3 g5 21.
Bxb8 Rxb8 22. Bxc6 Bxc6 23. Rxe7 1-0

[Event "Wch Juvenil 2013 sub-16 femenino"]
[Site "Al-Ain UAE"]
[Date "2013.12.26"]
[Round "9.22"]
[White "Saikhanzaya, Ganbaatar"]
[Black "Hiebler, Laura"]
[Result "1/2-1/2"]
[WhiteElo "1939"]
[BlackElo "1840"]
[PlyCount "34"]
[EventDate "2013.12.19"]
[EventType "swiss"]
[EventRounds "11"]
[EventCountry "UAE"]
[Source "lmi"]
[SourceDate "2013.12.19"]

1. d4 f5 2. g3 Nf6 3. Bg2 e6 4. Nh3 d5 5. O-O Bd6 6. Bf4 Be7 7. Bd2 O-O 8. f3
c5 9. dxc5 Bxc5+ 10. Kh1 e5 11. a3 a6 12. Bb4 Bxb4 13. axb4 Be6 14. b5 Qb6 15.
Nc3 Bd7 16. bxa6 Nxa6 17. b3 Nc5 1/2-1/2

[Event "Wch Juvenil 2013 sub-16 femenino"]
[Site "Al-Ain UAE"]
[Date "2013.12.26"]
[Round "9.23"]
[White "Tursunova, Shakhnoza"]
[Black "Imanly, Magrura"]
[Result "1/2-1/2"]
[WhiteElo "1937"]
[BlackElo "1786"]
[PlyCount "37"]
[EventDate "2013.12.19"]
[EventType "swiss"]
[EventRounds "11"]
[EventCountry "UAE"]
[Source "lmi"]
[SourceDate "2013.12.19"]

1. e4 e6 2. d3 c5 3. g3 g6 4. Bg2 Bg7 5. Ne2 Ne7 6. Nbc3 Nbc6 7. O-O O-O 8. Be3
Nd4 9. f4 d5 10. e5 Nxe2+ 11. Nxe2 d4 12. Bc1 f6 13. exf6 Bxf6 14. g4 Bg7 15.
Ng3 e5 16. h3 Qc7 17. fxe5 Rxf1+ 18. Qxf1 Bxe5 19. Ne4 1/2-1/2

[Event "Wch Juvenil 2013 sub-16 femenino"]
[Site "Al-Ain UAE"]
[Date "2013.12.26"]
[Round "9.24"]
[White "Gholami Orimi, Anahita"]
[Black "Sunyasakta, Satpathy"]
[Result "1-0"]
[WhiteElo "1817"]
[BlackElo "1899"]
[PlyCount "73"]
[EventDate "2013.12.19"]
[EventType "swiss"]
[EventRounds "11"]
[EventCountry "UAE"]
[Source "lmi"]
[SourceDate "2013.12.19"]

1. d4 d5 2. c4 e6 3. Nc3 Nf6 4. Bg5 c6 5. Nf3 Nbd7 6. cxd5 cxd5 7. e3 Be7 8.
Bd3 O-O 9. O-O h6 10. Bh4 b6 11. Nd2 Bb7 12. Rc1 Rc8 13. Bg3 a6 14. Qe2 b5 15.
Rc2 Nb6 16. Rfc1 Nc4 17. Ndb1 Qa5 18. a3 Qb6 19. f3 Nd7 20. Bf2 Bf6 21. Rd1
Rfd8 22. Bxc4 bxc4 23. e4 g6 24. Be3 Bg7 25. Qd2 Kh7 26. Qf2 Nf6 27. Qh4 Qc6
28. Bxh6 Bxh6 29. Qxf6 Qc7 30. exd5 exd5 31. Re1 Re8 32. Rce2 Qd7 33. Re7 Rxe7
34. Rxe7 Qf5 35. Rxf7+ Kg8 36. Qxf5 gxf5 37. Rxb7 1-0

[Event "Wch Juvenil 2013 sub-16 femenino"]
[Site "Al-Ain UAE"]
[Date "2013.12.26"]
[Round "9.26"]
[White "Paramzina, Anastasya"]
[Black "Dong, Alice"]
[Result "1-0"]
[WhiteElo "2111"]
[BlackElo "1903"]
[PlyCount "61"]
[EventDate "2013.12.19"]
[EventType "swiss"]
[EventRounds "11"]
[EventCountry "UAE"]
[Source "lmi"]
[SourceDate "2013.12.19"]

1. e4 c5 2. Nf3 Nc6 3. d4 cxd4 4. Nxd4 e6 5. Nb5 d6 6. c4 a6 7. N5c3 Nf6 8. Be2
Be7 9. Be3 Qc7 10. O-O O-O 11. Na3 b6 12. Rc1 Rb8 13. f3 Bb7 14. Nd5 exd5 15.
cxd5 b5 16. dxc6 Bxc6 17. Nc2 Qd7 18. Nd4 Bb7 19. Qd2 Rfd8 20. Rfd1 Ne8 21. Bg5
f6 22. Bf4 Rbc8 23. Rxc8 Qxc8 24. Nf5 Bf8 25. Ne3 Qc5 26. Kh1 d5 27. exd5 Bd6
28. Bxd6 Nxd6 29. Rc1 Qb6 30. Bd3 Re8 31. Re1 1-0

[Event "Wch Juvenil 2013 sub-16 femenino"]
[Site "Al-Ain UAE"]
[Date "2013.12.26"]
[Round "9.27"]
[White "Drogovoz, Maria"]
[Black "Haussernot, Cecile"]
[Result "1-0"]
[WhiteElo "1898"]
[BlackElo "2062"]
[PlyCount "81"]
[EventDate "2013.12.19"]
[EventType "swiss"]
[EventRounds "11"]
[EventCountry "UAE"]
[Source "lmi"]
[SourceDate "2013.12.19"]

1. e4 c5 2. Nf3 d6 3. d4 cxd4 4. Nxd4 Nf6 5. Nc3 a6 6. h3 e5 7. Nde2 b5 8. g4
Be6 9. g5 Nfd7 10. Be3 Be7 11. Qd2 O-O 12. O-O-O Nc6 13. Nd5 Bxd5 14. exd5 Na5
15. Ng3 Nc4 16. Bxc4 bxc4 17. Nf5 Rc8 18. c3 Nc5 19. Bxc5 Rxc5 20. h4 Qd7 21.
Qc2 Rb8 22. Rd2 Rcb5 23. Ne3 Qc7 24. Qa4 Rc8 25. Rhd1 Ra5 26. Qc6 Qd8 27. Qb7
Rxa2 28. Qb4 Rb8 29. Qxc4 Qa5 30. b4 Qa3+ 31. Kb1 Ra1+ 32. Kc2 Qa4+ 33. Kb2
Qa3+ 34. Kc2 a5 35. Rxa1 Qxa1 36. Qc7 Qa4+ 37. Kd3 Qe8 38. Qxa5 Bd8 39. Qa6 Bb6
40. Ke2 e4 41. Rc2 1-0

[Event "Wch Juvenil 2013 sub-16 femenino"]
[Site "Al-Ain UAE"]
[Date "2013.12.26"]
[Round "9.29"]
[White "Alboredo, Julia"]
[Black "Srija, Seshadri"]
[Result "0-1"]
[WhiteElo "1830"]
[BlackElo "1980"]
[PlyCount "86"]
[EventDate "2013.12.19"]
[EventType "swiss"]
[EventRounds "11"]
[EventCountry "UAE"]
[Source "lmi"]
[SourceDate "2013.12.19"]

1. e4 e5 2. Nf3 Nc6 3. Bc4 Bc5 4. Nc3 Nf6 5. d3 h6 6. Be3 Bb6 7. O-O d6 8. h3
Be6 9. Bb3 O-O 10. d4 exd4 11. Nxd4 Nxd4 12. Bxd4 Bxd4 13. Qxd4 Re8 14. Rfe1 a6
15. a4 Bxb3 16. cxb3 Nd7 17. b4 Qg5 18. Re3 Nf6 19. Rg3 Qe5 20. Qxe5 Rxe5 21.
Re3 Rae8 22. Rae1 g5 23. g3 Nh5 24. Nd5 c6 25. f4 gxf4 26. gxf4 R5e6 27. f5 Re5
28. Nb6 d5 29. Nd7 R5e7 30. Nc5 b6 31. Nxa6 dxe4 32. Rc1 Ra8 33. b5 cxb5 34.
axb5 Re5 35. b4 Kh7 36. Kf2 Rxf5+ 37. Ke1 Rg8 38. Kd2 Nf6 39. Rc6 Rg2+ 40. Ke1
Rgf2 41. Nc7 Rb2 42. Rxb6 Rff2 43. Rxf6 Rh2 0-1

[Event "Wch Juvenil 2013 sub-16 femenino"]
[Site "Al-Ain UAE"]
[Date "2013.12.26"]
[Round "9.30"]
[White "Baldi, Valentine"]
[Black "Hong, Xing"]
[Result "1/2-1/2"]
[WhiteElo "1877"]
[BlackElo "1980"]
[PlyCount "39"]
[EventDate "2013.12.19"]
[EventType "swiss"]
[EventRounds "11"]
[EventCountry "UAE"]
[Source "lmi"]
[SourceDate "2013.12.19"]

1. d4 Nf6 2. c4 c5 3. d5 b5 4. Qc2 bxc4 5. e4 d6 6. Bxc4 g6 7. Nf3 Bg7 8. O-O
O-O 9. Nc3 Nbd7 10. h3 a6 11. Re1 Nb6 12. Bf1 Nfd7 13. Bf4 Bb7 14. Rad1 Nf6 15.
Qd2 Re8 16. Qe3 Rc8 17. Nd2 e6 18. dxe6 Rxe6 19. Qd3 d5 20. exd5 1/2-1/2

[Event "Wch Juvenil 2013 sub-16 femenino"]
[Site "Al-Ain UAE"]
[Date "2013.12.26"]
[Round "9.31"]
[White "Suchomelova, Simona"]
[Black "Rojikova, Lenka"]
[Result "1/2-1/2"]
[WhiteElo "1827"]
[BlackElo "1943"]
[PlyCount "79"]
[EventDate "2013.12.19"]
[EventType "swiss"]
[EventRounds "11"]
[EventCountry "UAE"]
[Source "lmi"]
[SourceDate "2013.12.19"]

1. e4 c5 2. Nf3 d6 3. d4 cxd4 4. Nxd4 Nf6 5. Nc3 a6 6. Be3 e6 7. Be2 Be7 8. O-O
Qc7 9. a4 Nc6 10. Nb3 b6 11. f4 O-O 12. Bf3 Bb7 13. g4 Rfe8 14. g5 Nd7 15. Bg2
Bf8 16. Qh5 Nb4 17. Rf2 g6 18. Qh3 Bg7 19. Bd4 e5 20. fxe5 Nxe5 21. Nd5 Nxd5
22. exd5 b5 23. Bc3 Bc8 24. Qg3 Ng4 25. Rf3 Qb6+ 26. Kh1 Bxc3 27. bxc3 Bd7 28.
axb5 axb5 29. Rxa8 Rxa8 30. Qf4 Ne5 31. Rf1 Rc8 32. Nd4 Rxc3 33. Nc6 Bxc6 34.
dxc6 Rc4 35. Qf6 Qc7 36. Bd5 Ra4 37. Rb1 Ra7 38. Kg1 Nxc6 39. Bxc6 Qxc6 40.
Qd8+ 1/2-1/2

[Event "Wch Juvenil 2013 sub-16 femenino"]
[Site "Al-Ain UAE"]
[Date "2013.12.26"]
[Round "9.32"]
[White "Machlik, Monika"]
[Black "Bulmaga, Elena"]
[Result "1-0"]
[WhiteElo "1936"]
[BlackElo "1820"]
[PlyCount "27"]
[EventDate "2013.12.19"]
[EventType "swiss"]
[EventRounds "11"]
[EventCountry "UAE"]
[Source "lmi"]
[SourceDate "2013.12.19"]

1. d4 Nf6 2. c4 e6 3. Nc3 Bb4 4. Qc2 b6 5. e4 Bb7 6. Bd3 h6 7. f3 d6 8. Qa4+
Nc6 9. d5 exd5 10. cxd5 Nxd5 11. exd5 Qh4+ 12. Kf1 Qd4 13. dxc6 O-O 14. cxb7
1-0

[Event "Wch Juvenil 2013 sub-16 femenino"]
[Site "Al-Ain UAE"]
[Date "2013.12.26"]
[Round "9.33"]
[White "Head, Louise"]
[Black "Menzi, Nezihe Ezgi"]
[Result "1/2-1/2"]
[WhiteElo "1786"]
[BlackElo "1925"]
[PlyCount "63"]
[EventDate "2013.12.19"]
[EventType "swiss"]
[EventRounds "11"]
[EventCountry "UAE"]
[Source "lmi"]
[SourceDate "2013.12.19"]

1. d4 d5 2. c4 dxc4 3. e3 Nf6 4. Bxc4 e6 5. Nf3 Be7 6. O-O O-O 7. a3 Nbd7 8. b4
a5 9. b5 Nb6 10. Bd3 Bd7 11. Ne5 Be8 12. f4 c5 13. bxc6 bxc6 14. Rf3 c5 15. Rh3
g6 16. Nd2 cxd4 17. e4 Na4 18. Ndf3 Nc5 19. f5 Ba4 20. Qe1 Nb3 21. Rb1 Nxc1 22.
Qxc1 Re8 23. Qh6 Bf8 24. Qg5 Bg7 25. fxg6 fxg6 26. Nxg6 hxg6 27. Qxg6 Re7 28.
e5 Be8 29. Qg5 Nd5 30. Nxd4 Nc7 31. Ne2 Rf7 32. Be4 1/2-1/2

[Event "Wch Juvenil 2013 sub-16 femenino"]
[Site "Al-Ain UAE"]
[Date "2013.12.26"]
[Round "9.34"]
[White "Chetina, Elizaveta"]
[Black "Samudin, Elina"]
[Result "0-1"]
[WhiteElo "1904"]
[BlackElo "1564"]
[PlyCount "74"]
[EventDate "2013.12.19"]
[EventType "swiss"]
[EventRounds "11"]
[EventCountry "UAE"]
[Source "lmi"]
[SourceDate "2013.12.19"]

1. e4 d5 2. exd5 Qxd5 3. Nc3 Qa5 4. d4 c6 5. Bc4 Bf5 6. Nf3 e6 7. Bd2 Nf6 8.
Nd5 Qd8 9. Nxf6+ gxf6 10. Qe2 Bxc2 11. Rc1 Bg6 12. O-O Be7 13. Rfe1 O-O 14. Bh6
Re8 15. Nh4 Bf8 16. Qe3 Bg7 17. Nxg6 hxg6 18. h4 Kh7 19. Bxg7 Kxg7 20. Rc3 Nd7
21. h5 g5 22. h6+ Kxh6 23. g4 Kg7 24. Qe4 Rh8 25. Ree3 Rh4 26. Rh3 f5 27. Qh1
fxg4 28. Rh2 Qh8 29. Rg3 Rxh2 30. Qxh2 Qxh2+ 31. Kxh2 Nf6 32. f3 Rd8 33. d5
cxd5 34. Bd3 Rh8+ 35. Kg2 Rh3 36. Rxh3 gxh3+ 37. Kxh3 Kh6 0-1